Word Ladder: NASCAR Instructions Quiz Stats

 Plays Quiz Updated Feb 28, 2017

Support Sporcle.
Go Orange.
Score 0/10 Timer 01:00
0 Plays Today
Hint 4-Letter Word % Correct
Middle of an appleCORE
95.3%
Change direction🢀 TURN 🢀
95%
Midwestern cropCORN
93.1%
Consume by fireBURN
92.5%
Brought into existenceBORN
91.6%
Cushy like a pillowSOFT
89.1%
It's not right🢀 LEFT 🢀
87.9%
Still achingSORE
87.5%
Arrange systematically by groupSORT
85%
Space under house roofLOFT
82.4%

Today's Daily Dose

Missing Word
FPS Games (A-Z)

Quick Pick
Cartoon Lions

Get the Picture
5, 6, 7, or 8 Movies

You're not logged in!

Compare scores with friends on all Sporcle quizzes.
OR
Log In
Forgot?

From the Vault

TV Characters by First Action II

by DanKing26

Do you remember where you met these characters for the first time?
Remove Ads.
Support Sporcle.
Get the best of Sporcle when you Go Orange. This ad-free experience offers more features, more stats, and more fun while also helping to support Sporcle. Thank you for becoming a member.

Show Comments

Extras

Top Quizzes Today


Score Distribution

Your Account Isn't Verified!

In order to create a playlist on Sporcle, you need to verify the email address you used during registration. Go to your Sporcle Settings to finish the process.

Report this User

Report this user for behavior that violates our Community Guidelines.

Details: